Anthology of American literature / (Record no. 1940)

000 -LEADER
fixed length control field 00968cam a2200289 a 4500
001 - CONTROL NUMBER
control field 4327933
005 - DATE AND TIME OF LATEST TRANSACTION
control field 20151015093834.0
008 - FIXED-LENGTH DATA ELEMENTS--GENERAL INFORMATION
fixed length control field 880906s1989 nyu b 001 0 eng
010 ## - LIBRARY OF CONGRESS CONTROL NUMBER
LC control number 88008413
020 ## - INTERNATIONAL STANDARD BOOK NUMBER
International Standard Book Number 0023796219 (v. 1)
020 ## - INTERNATIONAL STANDARD BOOK NUMBER
International Standard Book Number 0023796227 (v. 2)
040 ## - CATALOGING SOURCE
Original cataloging agency DLC
Transcribing agency DLC
Modifying agency DLC
050 00 - LIBRARY OF CONGRESS CALL NUMBER
Classification number PS507
Item number .A68 1989
082 00 - DEWEY DECIMAL CLASSIFICATION NUMBER
Classification number 810/.8
Edition number 19
245 00 - TITLE STATEMENT
Title Anthology of American literature /
Statement of responsibility, etc. general editor, George McMichael ; advisory editors, Frederick Crews ... [et al.].
250 ## - EDITION STATEMENT
Edition statement 4th ed.
260 ## - PUBLICATION, DISTRIBUTION, ETC. (IMPRINT)
Place of publication, distribution, etc. New York :
Name of publisher, distributor, etc. Macmillan,
Date of publication, distribution, etc. c1989.
300 ## - PHYSICAL DESCRIPTION
Extent 2 v. ;
Dimensions 24 cm.
504 ## - BIBLIOGRAPHY, ETC. NOTE
Bibliography, etc Includes bibliographies and indexes.
505 0# - FORMATTED CONTENTS NOTE
Formatted contents note v. 1. Colonial through romantic -- v. 2. Realism to the present.
650 #0 - SUBJECT ADDED ENTRY--TOPICAL TERM
Topical term or geographic name as entry element American literature.
651 #0 - SUBJECT ADDED ENTRY--GEOGRAPHIC NAME
Geographic name United States
General subdivision Literary collections.
700 1# - ADDED ENTRY--PERSONAL NAME
Personal name McMichael, George L.,
Dates associated with a name 1927-
700 1# - ADDED ENTRY--PERSONAL NAME
Personal name Crews, Frederick C.
906 ## - LOCAL DATA ELEMENT F, LDF (RLIN)
a 7
b cbc
c orignew
d 1
e ocip
f 19
g y-gencatlg
942 ## - ADDED ENTRY ELEMENTS (KOHA)
Source of classification or shelving scheme
Koha item type Hard Covered Materials
Holdings
Withdrawn status Lost status Source of classification or shelving scheme Damaged status Not for loan Home library Current library Date acquired Total Checkouts Full call number Barcode Date last seen Price effective from Koha item type
          MACHAKOS UNIVERSITY LIBRARY MACHAKOS UNIVERSITY LIBRARY 03/07/2015   PS 507 .A68 1989 5910 03/06/2019 03/07/2015 Hard Covered Materials
© Machakos University Library, Along The Highway, Machakos Wote Rd, Machakos, Kenya P.O. Box 136 - 90100 Machakos - Kenya

Tel: ( +254 ) 723 805829 OR Fax : 044-20353 OR Email: library@mksu.ac.ke